Verejné zdravotné poistenie a rozsah zdravotnej starostlivosti

Verejné zdravotné poistenie, preddavok na poistné. Neodkladná zdravotná starostlivosť a zdravotné výkony. Kúpeľná starostlivosť. Rozsah úhrady.

Na minha lista:
Detalhes bibliográficos
Autor principal: Matulková, Mariana
Formato: Capítulo de Livro
Idioma:eslovaco
Assuntos:
Tags: Adicionar Tag
Sem tags, seja o primeiro a adicionar uma tag!

MARC

LEADER 00000naa a2200000 4500
001 0217041
005 20231120105038.1
041 0 |a slo 
044 |a SK 
245 1 0 |a Verejné zdravotné poistenie a rozsah zdravotnej starostlivosti  |c Mariana Matulková 
520 |a Verejné zdravotné poistenie, preddavok na poistné. Neodkladná zdravotná starostlivosť a zdravotné výkony. Kúpeľná starostlivosť. Rozsah úhrady. 
610 2 0 |a poistenie zdravotné 
610 2 0 |a poistné 
610 2 0 |a starostlivosť kúpeľná 
100 1 |a Matulková, Mariana